[Event "Bad Woerishofen op 29th"]
[Site "Bad Woerishofen"]
[Date "2013.03.02"]
[Round "2"]
[White "Schelle, Artur"]
[Black "Mack, Thomas"]
[Result "1-0"]
[WhiteElo "2208"]
[BlackElo "2046"]
[PlyCount "61"]
[EventDate "2013.03.01"]
[EventType "swiss"]
[EventRounds "9"]
[EventCountry "GER"]
[SourceTitle "CBM 153 Extra"]
[Source "ChessBase"]
[SourceDate "2013.04.22"]
[SourceVersion "1"]
[SourceVersionDate "2013.04.22"]
[SourceQuality "1"]

1. g3 e5 2. Bg2 Nc6 3. d3 f5 4. Nf3 Nf6 5. 0-0 Be7 6. c4 0-0 7. Nc3 d6 8. Rb1 Qe8 9. Bg5 Qh5 10. Bxf6 Bxf6 11. Nd5 Bd8 12. Nd2 f4 13. e3 Bg4 14. f3 fxg3 15. hxg3 Bh3 16. Ne4 Ne7 17. g4 Qh4 18. Qe1 Qxe1 19. Rbxe1 Bxg2 20. Kxg2 c6 21. Nxe7+ Bxe7 22. f4 exf4 23. exf4 d5 24. cxd5 cxd5 25. Ng3 Bd6 26. Nf5 Rad8 27. Re6 Bc5 28. Rc1 Bb6 29. Re5 Rfe8 30. Kf3 Kf7 31. Rxe8 1-0

[Event "Landesliga Sued 1213"]
[Site "Bayern"]
[Date "2012.11.11"]
[Round "2.8"]
[White "Weichlein, Paul"]
[Black "Mack, Thomas"]
[Result "1-0"]
[WhiteElo "1989"]
[BlackElo "1959"]
[PlyCount "49"]
[EventDate "2012.10.14"]
[EventType "team-tourn"]
[EventRounds "9"]
[EventCountry "GER"]
[SourceTitle "EXT 2015"]
[Source "ChessBase"]
[SourceDate "2014.11.20"]
[SourceVersion "1"]
[SourceVersionDate "2014.11.20"]
[SourceQuality "1"]
[WhiteTeam "Haunstetten"]
[BlackTeam "Muenchen Tarrasch II"]
[WhiteTeamCountry "GER"]
[BlackTeamCountry "GER"]

1. d4 Nf6 2. c4 g6 3. Nc3 Bg7 4. e4 d6 5. f3 0-0 6. Be3 b6 7. Qd2 c5 8. Nge2 Nc6 9. 0-0-0 Na5 10. Ng3 Nc6 11. d5 Ne5 12. Bh6 a6 13. h4 b5 14. h5 bxc4 15. Be2 Rb8 16. Bxg7 Kxg7 17. hxg6 fxg6 18. Qh6+ Kf7 19. f4 Ned7 20. e5 dxe5 21. Bxc4 Rb4 22. Bd3 exf4 23. Nge4 Qb6 24. Ng5+ Ke8 25. Bxg6+ 1-0

[Event "Munich OIS op 32nd"]
[Site "Munich"]
[Date "2012.10.01"]
[Round "3"]
[White "Schelle, Artur"]
[Black "Mack, Thomas"]
[Result "1-0"]
[WhiteElo "2206"]
[BlackElo "2048"]
[PlyCount "54"]
[EventDate "2012.09.29"]
[EventType "swiss"]
[EventRounds "9"]
[EventCountry "GER"]
[SourceTitle "EXT 2013"]
[Source "ChessBase"]
[SourceDate "2012.11.22"]
[SourceVersion "1"]
[SourceVersionDate "2012.11.22"]
[SourceQuality "1"]

1. e4 e6 2. Nc3 d5 3. d4 Nf6 4. e5 Nfd7 5. f4 c5 6. Nf3 Nc6 7. Be3 a6 8. Qd2 b5 9. a3 Qb6 10. Ne2 c4 11. g4 h5 12. gxh5 Rxh5 13. Ng3 Rh8 14. h4 Be7 15. h5 Nf8 16. Bh3 Bd7 17. Kf2 Na5 18. Rag1 b4 19. axb4 Bxb4 20. Qe2 Bb5 21. c3 Be7 22. f5 Nh7 23. h6 gxh6 24. Bxh6 0-0-0 25. Bg7 Rhg8 26. f6 Rde8 27. Qc2 Ba4 1-0

[Event "Bad Woerishofen op 28th"]
[Site "Bad Woerishofen"]
[Date "2012.03.10"]
[Round "9"]
[White "Mack, Thomas"]
[Black "Dewenter, Ulf"]
[Result "0-1"]
[WhiteElo "2047"]
[BlackElo "2146"]
[PlyCount "32"]
[EventDate "2012.03.02"]
[EventType "swiss"]
[EventRounds "9"]
[EventCountry "GER"]
[SourceTitle "EXT 2019"]
[Source "ChessBase"]
[SourceDate "2018.10.10"]
[SourceVersion "1"]
[SourceVersionDate "2018.10.10"]
[SourceQuality "1"]

1. e4 Nf6 2. Nc3 d5 3. e5 d4 4. Nce2 Ng4 5. f4 h5 6. Nf3 c5 7. Ng3 g6 8. h3 Nh6 9. Bc4 e6 10. Ne4 Be7 11. 0-0 Nc6 12. c3 Bd7 13. b4 cxb4 14. cxd4 Nxd4 15. Nxd4 Qb6 16. Bb2 Nf5 0-1

[Event "Bayern-ch Seniors 23rd"]
[Site "Bergen"]
[Date "2011.06.05"]
[Round "9"]
[White "Mack, Thomas"]
[Black "Kelchner, Hans"]
[Result "0-1"]
[WhiteElo "1868"]
[BlackElo "2083"]
[PlyCount "30"]
[EventDate "2011.05.28"]
[EventType "swiss"]
[EventRounds "9"]
[EventCountry "GER"]
[SourceTitle "EXT 2012"]
[Source "ChessBase"]
[SourceDate "2011.11.24"]
[SourceVersion "1"]
[SourceVersionDate "2011.11.24"]
[SourceQuality "1"]

1. d4 d5 2. c4 e6 3. Nc3 Nf6 4. Nf3 Be7 5. Qc2 Nbd7 6. Bf4 c6 7. e3 Nh5 8. Bg3 Qa5 9. Bd3 dxc4 10. Bxc4 b5 11. Bb3 0-0 12. Qe2 Ba6 13. Ne5 Nxe5 14. Bxe5 b4 15. Nb5 Nf6 0-1

[Event "Bayern-ch Seniors 23rd"]
[Site "Bergen"]
[Date "2011.06.01"]
[Round "5"]
[White "Baumgartner, Andreas"]
[Black "Mack, Thomas"]
[Result "1/2-1/2"]
[WhiteElo "1686"]
[BlackElo "1868"]
[PlyCount "57"]
[EventDate "2011.05.28"]
[EventType "swiss"]
[EventRounds "9"]
[EventCountry "GER"]
[SourceTitle "EXT 2012"]
[Source "ChessBase"]
[SourceDate "2011.11.24"]
[SourceVersion "1"]
[SourceVersionDate "2011.11.24"]
[SourceQuality "1"]

1. d4 Nf6 2. c4 g6 3. Nc3 Bg7 4. e4 d6 5. Nf3 0-0 6. Be2 e5 7. d5 Na6 8. 0-0 Nc5 9. Qc2 Nh5 10. b4 Nd7 11. Bg5 f6 12. Be3 Nf4 13. Bxf4 exf4 14. Rad1 Ne5 15. c5 f5 16. cxd6 cxd6 17. Qb3 Qf6 18. Rc1 Bd7 19. exf5 Bxf5 20. Nb5 Kh8 21. Rc7 Nxf3+ 22. Bxf3 a6 23. Nc3 Rac8 24. Rxc8 Rxc8 25. Ne4 Bxe4 26. Bxe4 Qg5 27. Qa4 Be5 28. Bf3 Qf5 29. h3 1/2-1/2

[Event "Bad Woerishofen op 27th"]
[Site "Bad Woerishofen"]
[Date "2011.03.25"]
[Round "3"]
[White "Mack, Thomas"]
[Black "Lindemann, Christian"]
[Result "0-1"]
[WhiteElo "2040"]
[BlackElo "2230"]
[PlyCount "62"]
[EventDate "2011.03.24"]
[EventType "swiss"]
[EventRounds "9"]
[EventCountry "GER"]
[SourceTitle "EXT 2012"]
[Source "ChessBase"]
[SourceDate "2011.11.24"]
[SourceVersion "1"]
[SourceVersionDate "2011.11.24"]
[SourceQuality "1"]

1. e4 e6 2. d4 d5 3. Nc3 Nf6 4. Bg5 Be7 5. e5 Nfd7 6. h4 a6 7. Qg4 f5 8. Qh5+ g6 9. Qh6 Bxg5 10. hxg5 Qe7 11. Nge2 Nf8 12. Nf4 c6 13. g4 fxg4 14. Bd3 Rg8 15. Qh4 Nbd7 16. 0-0-0 b5 17. Qxg4 Nb6 18. Rh6 Ra7 19. Rdh1 Kd8 20. Nce2 Rg7 21. Ng3 a5 22. Rg1 Rf7 23. Qh4 a4 24. c3 b4 25. c4 dxc4 26. Bxg6 hxg6 27. Nxg6 Nxg6 28. Rxg6 a3 29. Ne4 axb2+ 30. Kc2 b3+ 31. axb3 cxb3+ 0-1

[Event "Bayern-ch Seniors 22nd"]
[Site "Bergen"]
[Date "2010.06.16"]
[Round "5"]
[White "Aigner, Georg"]
[Black "Mack, Thomas"]
[Result "1/2-1/2"]
[WhiteElo "1824"]
[BlackElo "1942"]
[PlyCount "58"]
[EventDate "2010.06.12"]
[EventType "swiss"]
[EventRounds "9"]
[EventCountry "GER"]
[SourceTitle "EXT 2011"]
[Source "ChessBase"]
[SourceDate "2010.11.26"]
[SourceVersion "1"]
[SourceVersionDate "2010.11.26"]
[SourceQuality "1"]

1. e4 c5 2. Nf3 d6 3. d4 cxd4 4. Nxd4 Nf6 5. Nc3 a6 6. Be2 e6 7. 0-0 Be7 8. Be3 0-0 9. f4 Qc7 10. a3 Nc6 11. Qe1 Bd7 12. Qg3 Rfe8 13. Rae1 Rad8 14. h4 Nxd4 15. Bxd4 e5 16. Be3 Bc6 17. fxe5 dxe5 18. Bd3 g6 19. h5 Nxh5 20. Qf2 Nf4 21. Bb6 Qd7 22. Bxd8 Qg4 23. Be2 Nh3+ 24. Kh2 Nxf2 25. Bxg4 Nxg4+ 26. Kg3 Rxd8 27. Kxg4 Rd2 28. Kf3 Rxc2 29. Rf2 Rxf2+ 1/2-1/2

[Event "Bayern-ch Seniors 22nd"]
[Site "Bergen"]
[Date "2010.06.15"]
[Round "4"]
[White "Mack, Thomas"]
[Black "Josting, Friedel"]
[Result "1/2-1/2"]
[WhiteElo "1942"]
[BlackElo "1819"]
[PlyCount "37"]
[EventDate "2010.06.12"]
[EventType "swiss"]
[EventRounds "9"]
[EventCountry "GER"]
[SourceTitle "EXT 2011"]
[Source "ChessBase"]
[SourceDate "2010.11.26"]
[SourceVersion "1"]
[SourceVersionDate "2010.11.26"]
[SourceQuality "1"]

1. e4 c5 2. Nf3 e6 3. d4 cxd4 4. Nxd4 a6 5. Nc3 Qc7 6. g3 b5 7. Bg2 Bb7 8. 0-0 Nc6 9. Re1 d6 10. a3 Nf6 11. Nb3 Be7 12. f4 Nd7 13. Be3 0-0 14. Qe2 Rac8 15. Qf2 Na5 16. Nxa5 Qxa5 17. Bd2 Qb6 18. Be3 Qa5 19. Bd2 1/2-1/2

[Event "Bad Woerishofen op 26th"]
[Site "Bad Woerishofen"]
[Date "2010.03.09"]
[Round "4"]
[White "Rahls, Peter"]
[Black "Mack, Thomas"]
[Result "1/2-1/2"]
[WhiteElo "2255"]
[BlackElo "2079"]
[PlyCount "52"]
[EventDate "2010.03.06"]
[EventType "swiss"]
[EventRounds "9"]
[EventCountry "GER"]
[SourceTitle "CBM 135 Extra"]
[Source "ChessBase"]
[SourceDate "2010.05.04"]
[SourceVersion "1"]
[SourceVersionDate "2010.05.04"]
[SourceQuality "1"]

1. e4 e6 2. d4 c5 3. Nf3 cxd4 4. Nxd4 a6 5. Nc3 Nc6 6. Be3 Qc7 7. Be2 Nf6 8. a3 Be7 9. 0-0 0-0 10. f4 d6 11. Kh1 Bd7 12. Nxc6 Bxc6 13. Bd3 b5 14. Qe2 Qb7 15. Bg1 Nd7 16. Rae1 Bf6 17. Nd1 g6 18. c3 Bg7 19. Bf2 Rae8 20. Bg3 Nc5 21. Bc2 f5 22. Nf2 d5 23. e5 d4 24. Rg1 dxc3 25. bxc3 Rf7 26. Qe3 Bf8 1/2-1/2

[Event "Munich OIS op 29th"]
[Site "Munich"]
[Date "2009.10.03"]
[Round "1"]
[White "Mack, Thomas"]
[Black "Schenk, Andreas"]
[Result "0-1"]
[WhiteElo "2055"]
[BlackElo "2509"]
[PlyCount "54"]
[EventDate "2009.10.03"]
[EventType "swiss"]
[EventRounds "9"]
[EventCountry "GER"]
[SourceTitle "EXT 2010"]
[Source "ChessBase"]
[SourceDate "2010.11.25"]
[SourceVersion "1"]
[SourceVersionDate "2010.11.25"]
[SourceQuality "1"]

1. e4 c5 2. Nf3 d6 3. d4 cxd4 4. Nxd4 Nf6 5. Nc3 a6 6. Bg5 e6 7. f4 Qb6 8. Qd2 Nc6 9. 0-0-0 Bd7 10. Nf3 Ng4 11. Bh4 Ne3 12. Re1 Nxf1 13. Rhxf1 Qc7 14. Nd5 exd5 15. exd5+ Ne7 16. Bxe7 Bxe7 17. Nd4 Kf8 18. Rxe7 Kxe7 19. Qe1+ Kf8 20. f5 f6 21. Rf3 Kf7 22. Ne6 Qc4 23. Qg3 Rhg8 24. Qxd6 Rad8 25. Rc3 Qf1+ 26. Kd2 Qxg2+ 27. Kd1 Qe2+ 0-1

[Event "Deggendorf op 2nd"]
[Site "Deggendorf"]
[Date "2008.05.17"]
[Round "2"]
[White "Hecker, Rafael"]
[Black "Mack, Thomas"]
[Result "1/2-1/2"]
[WhiteElo "1579"]
[BlackElo "1853"]
[PlyCount "33"]
[EventDate "2008.05.16"]
[EventType "swiss"]
[EventRounds "5"]
[EventCountry "GER"]
[SourceTitle "CBM 124 Extra"]
[Source "ChessBase"]
[SourceDate "2008.07.03"]
[SourceVersion "1"]
[SourceVersionDate "2008.07.03"]
[SourceQuality "1"]

1. e4 d5 2. e5 c5 3. d4 cxd4 4. Qxd4 Nc6 5. Bb5 a6 6. Bxc6+ bxc6 7. Be3 e6 8. c3 c5 9. Qd2 Qc7 10. f4 Nh6 11. h3 Nf5 12. Bf2 Be7 13. Nf3 h5 14. Na3 Bb7 15. Nc2 Rd8 16. Ne3 Nxe3 17. Bxe3 1/2-1/2

[Event "Deggendorf op 2nd"]
[Site "Deggendorf"]
[Date "2008.05.17"]
[Round "3"]
[White "Mack, Thomas"]
[Black "Suliga, Eckhard"]
[Result "1/2-1/2"]
[WhiteElo "1853"]
[BlackElo "1614"]
[PlyCount "39"]
[EventDate "2008.05.16"]
[EventType "swiss"]
[EventRounds "5"]
[EventCountry "GER"]
[SourceTitle "CBM 124 Extra"]
[Source "ChessBase"]
[SourceDate "2008.07.03"]
[SourceVersion "1"]
[SourceVersionDate "2008.07.03"]
[SourceQuality "1"]

1. e4 e6 2. d4 d5 3. Nc3 Bb4 4. e5 c5 5. Bd2 cxd4 6. Nb5 Bc5 7. Qg4 Kf8 8. Nf3 Nc6 9. Qf4 Nge7 10. Bd3 Ng6 11. Bxg6 hxg6 12. h4 Bd7 13. Nbxd4 Nxd4 14. Nxd4 Be7 15. 0-0-0 Rc8 16. Rh3 f5 17. exf6 gxf6 18. Rf3 Kg7 19. Qg3 Rh5 20. Rc3 1/2-1/2